[Event "Blankenese op 1st"]
[Site "Hamburg"]
[Date "2017.10.03"]
[Round "1.32"]
[White "Grabbel, Torben Frederik"]
[Black "Atri, Jamshid"]
[Result "0-1"]
[WhiteElo "1473"]
[BlackElo "1964"]
[PlyCount "116"]
[EventDate "2017.09.30"]
[EventType "swiss"]
[EventRounds "7"]
[EventCountry "GER"]
[SourceTitle "EXT 2020"]
[Source "ChessBase"]
[SourceDate "2019.10.17"]
[SourceVersion "1"]
[SourceVersionDate "2019.10.17"]
[SourceQuality "1"]

1. d4 d5 2. Bf4 Nf6 3. e3 e6 4. Nf3 c5 5. c3 Nc6 6. Bd3 Bd6 7. Bxd6 Qxd6 8. 0-0 0-0 9. Re1 e5 10. dxe5 Nxe5 11. Nxe5 Qxe5 12. Nd2 Bg4 13. Be2 Be6 14. Nf3 Qc7 15. Qc2 h6 16. Rad1 Rad8 17. b3 Rd7 18. c4 Rfd8 19. cxd5 Bxd5 20. Rc1 b6 21. Red1 Be4 22. Rxd7 Rxd7 23. Qb2 Ng4 24. h3 Bxf3 25. Bxf3 Ne5 26. Be2 a5 27. Qc2 Qd6 28. Rd1 Qg6 29. Qxg6 Rxd1+ 30. Bxd1 Nxg6 31. Bc2 Ne7 32. e4 f6 33. g3 Kf7 34. f4 Ke6 35. Kf2 Nc6 36. a4 Kd6 37. Ke3 c4 38. bxc4 Kc5 39. Kd3 Nb4+ 40. Kc3 Nxc2 41. Kxc2 Kxc4 42. Kd2 Kd4 43. e5 fxe5 44. fxe5 Kxe5 45. Ke3 g5 46. g4 Kd5 47. Kd3 Kc5 48. Ke4 b5 49. axb5 a4 50. Kf5 a3 51. Kg6 a2 52. Kxh6 a1Q 53. Kxg5 Kxb5 54. Kh4 Kc5 55. g5 Kd5 56. Kh5 Ke5 57. h4 Kf5 58. g6 Qh8# 0-1

[Event "Blankenese op 1st"]
[Site "Hamburg"]
[Date "2017.10.03"]
[Round "5.12"]
[White "Juergens, Bernhard"]
[Black "Atri, Jamshid"]
[Result "1-0"]
[WhiteElo "2080"]
[BlackElo "1964"]
[PlyCount "77"]
[EventDate "2017.09.30"]
[EventType "swiss"]
[EventRounds "7"]
[EventCountry "GER"]
[SourceTitle "EXT 2020"]
[Source "ChessBase"]
[SourceDate "2019.10.17"]
[SourceVersion "1"]
[SourceVersionDate "2019.10.17"]
[SourceQuality "1"]

1. f4 d5 2. Nf3 Nf6 3. g3 c5 4. Bg2 Nc6 5. 0-0 e6 6. d3 Be7 7. c3 0-0 8. Qc2 d4 9. Na3 Bd7 10. Nc4 Be8 11. Nfe5 Nd5 12. a3 a5 13. Nxc6 Bxc6 14. Ne5 Be8 15. c4 f6 16. Ng4 Nc7 17. Bxb7 Ra7 18. Bg2 Na6 19. Bd2 Nb8 20. b3 Nc6 21. Rab1 h5 22. Nf2 f5 23. Nh3 Qd6 24. Kh1 Bd7 25. Ng1 h4 26. Nf3 hxg3 27. hxg3 g6 28. Kg1 Kg7 29. Kf2 e5 30. fxe5 Nxe5 31. Nxe5 Qxe5 32. Bf3 g5 33. Rh1 Be8 34. Rbg1 Ra6 35. Qc1 Rg6 36. Rh5 Re6 37. Rh2 Bc6 38. Qe1 Be8 39. Qc1 1-0

[Event "Pinneberg-ch"]
[Site "Pinneberg"]
[Date "2017.09.28"]
[Round "4"]
[White "Atri, Jamshid"]
[Black "Pill, Bernhard"]
[Result "0-1"]
[WhiteElo "1986"]
[BlackElo "2026"]
[PlyCount "80"]
[EventDate "2017.09.07"]
[EventType "swiss"]
[EventRounds "7"]
[EventCountry "GER"]
[SourceTitle "EXT 2019"]
[Source "ChessBase"]
[SourceDate "2018.10.10"]
[SourceVersion "1"]
[SourceVersionDate "2018.10.10"]
[SourceQuality "1"]

1. e4 c5 2. Nf3 Nc6 3. d4 cxd4 4. Nxd4 Nf6 5. Nc3 d6 6. Bc4 a6 7. Nxc6 bxc6 8. e5 Ng8 9. 0-0 d5 10. Nxd5 cxd5 11. Bxd5 Be6 12. Bxa8 Qxa8 13. b3 g6 14. Bf4 Bg7 15. Qd2 h5 16. Rad1 Nh6 17. Rfe1 Nf5 18. c4 0-0 19. Qe2 Rc8 20. Qe4 Qb8 21. h3 h4 22. Bg5 Rc5 23. Bf4 a5 24. g4 hxg3 25. fxg3 Bf8 26. g4 Ng7 27. Qd4 Rc8 28. Kh2 Qb7 29. Re3 Qa6 30. Rc3 Ne8 31. Rd2 Qc6 32. a3 Nc7 33. Rdc2 Rb8 34. Rb2 Na6 35. c5 Nc7 36. Rg3 Bc8 37. Be3 Ne6 38. Qc3 Bg7 39. Bf2 Bb7 40. Re2 Qh1# 0-1

[Event "Pardubice Czech op-C 28th"]
[Site "Pardubice"]
[Date "2017.07.28"]
[Round "8"]
[White "Atri, Jamshid"]
[Black "Zahalka, Jan"]
[Result "1-0"]
[WhiteElo "2021"]
[BlackElo "1938"]
[PlyCount "77"]
[EventDate "2017.07.22"]
[EventType "swiss"]
[EventRounds "9"]
[EventCountry "CZE"]
[SourceTitle "CBM 179 Extra"]
[Source "ChessBase"]
[SourceDate "2017.08.23"]
[SourceVersion "1"]
[SourceVersionDate "2017.08.23"]
[SourceQuality "1"]

1. e4 c5 2. Nf3 d6 3. d4 cxd4 4. Nxd4 Nf6 5. Nc3 g6 6. Be3 Bg7 7. f3 a6 8. Bc4 b5 9. Bb3 Nbd7 10. Qd2 Bb7 11. 0-0-0 Rc8 12. g4 Qc7 13. h4 h5 14. g5 Nh7 15. Kb1 Nc5 16. Rhe1 0-0 17. Nd5 Bxd5 18. exd5 Rfe8 19. Bf2 Nf8 20. Re2 Nfd7 21. f4 Nb6 22. f5 Nc4 23. Bxc4 bxc4 24. Rde1 Qb7 25. f6 Na4 26. c3 Bf8 27. Qc2 Nc5 28. fxe7 Bg7 29. Nc6 Nd3 30. Rf1 Rc7 31. Bg3 Qb5 32. Bxd6 Rb7 33. Ba3 Qxd5 34. Nd8 Rb6 35. Nxf7 Qa5 36. Ka1 Qd5 37. Qa4 Rxe7 38. Rxe7 Nxb2 39. Nh6+ 1-0

[Event "Hamburg-ch MA"]
[Site "Hamburg"]
[Date "2017.06.11"]
[Round "9"]
[White "Keyser, Philipp"]
[Black "Atri, Jamshid"]
[Result "1-0"]
[WhiteElo "1912"]
[BlackElo "2025"]
[PlyCount "127"]
[EventDate "2017.06.03"]
[EventType "swiss"]
[EventRounds "9"]
[EventCountry "GER"]
[SourceTitle "CBM 179 Extra"]
[Source "ChessBase"]
[SourceDate "2017.08.23"]
[SourceVersion "1"]
[SourceVersionDate "2017.08.23"]
[SourceQuality "1"]

1. e4 e5 2. Nf3 Nc6 3. Bb5 a6 4. Ba4 d6 5. d4 b5 6. Bb3 Nxd4 7. Nxd4 exd4 8. Bd5 Rb8 9. Qxd4 Bd7 10. b4 Nf6 11. 0-0 Be7 12. Bb2 Nxd5 13. exd5 f6 14. Nd2 0-0 15. Nf3 Rf7 16. Rae1 c6 17. Qd3 c5 18. a3 Bf8 19. Re3 a5 20. Rfe1 Rc8 21. h4 Qc7 22. c3 a4 23. Nh2 cxb4 24. cxb4 Qc4 25. Nf3 Qxd3 26. Rxd3 Re7 27. Rxe7 Bxe7 28. Rc3 Rxc3 29. Bxc3 Kf7 30. Kf1 h5 31. Ke2 g5 32. Ke3 Kg6 33. hxg5 fxg5 34. Nd4 h4 35. f3 Bf6 36. Ne2 Bxc3 37. Nxc3 Kf5 38. Kd4 Kf4 39. Ne4 g4 40. fxg4 Bxg4 41. Nxd6 Kg3 42. Ne4+ Kxg2 43. Ng5 Kg3 44. Ke5 Bc8 45. d6 Kg4 46. Kf6 Kf4 47. Ne6+ Ke4 48. Ke7 h3 49. Ng5+ Kd5 50. Nxh3 Bxh3 51. d7 Bxd7 52. Kxd7 Kc4 53. Kc6 Kb3 54. Kxb5 Kxa3 55. Kc4 Kb2 56. b5 a3 57. b6 a2 58. b7 a1Q 59. b8Q+ Kc1 60. Qf4+ Kc2 61. Qf2+ Kc1 62. Qe1+ Kb2 63. Qd2+ Kb1 64. Kb3 1-0

[Event "Hamburg-ch MA"]
[Site "Hamburg"]
[Date "2017.06.10"]
[Round "8"]
[White "Gremmel, Jonas Simon"]
[Black "Atri, Jamshid"]
[Result "0-1"]
[WhiteElo "1875"]
[BlackElo "2025"]
[PlyCount "80"]
[EventDate "2017.06.03"]
[EventType "swiss"]
[EventRounds "9"]
[EventCountry "GER"]
[SourceTitle "CBM 179 Extra"]
[Source "ChessBase"]
[SourceDate "2017.08.23"]
[SourceVersion "1"]
[SourceVersionDate "2017.08.23"]
[SourceQuality "1"]

1. d4 d5 2. Nf3 Nf6 3. c4 c6 4. cxd5 cxd5 5. Nc3 Nc6 6. e3 a6 7. Be2 Bg4 8. 0-0 e6 9. b3 Bd6 10. Bb2 0-0 11. h3 Bh5 12. Rc1 Rc8 13. Na4 Ne4 14. Nd2 Bg6 15. Nxe4 dxe4 16. Nc5 Bb8 17. g3 Qe7 18. Bh5 Bxh5 19. Qxh5 f5 20. h4 Bd6 21. a3 a5 22. Qe2 b6 23. Na4 Bxa3 24. Bxa3 Qxa3 25. Nxb6 Nxd4 26. exd4 Rxc1 27. Rxc1 Qxc1+ 28. Kg2 Qc6 29. Nc4 Qb5 30. Qa2 Ra8 31. Ne3 Ra6 32. d5 exd5 33. Qa1 f4 34. Nf5 Rf6 35. g4 Qe2 36. Ne7+ Kf7 37. g5 Qg4+ 38. Kf1 Rd6 39. Qxa5 Kxe7 40. Qc7+ Qd7 0-1

[Event "Hamburg-ch MA"]
[Site "Hamburg"]
[Date "2017.06.05"]
[Round "3"]
[White "Jantzen, Hans Joerg"]
[Black "Atri, Jamshid"]
[Result "1-0"]
[WhiteElo "2179"]
[BlackElo "2025"]
[PlyCount "109"]
[EventDate "2017.06.03"]
[EventType "swiss"]
[EventRounds "9"]
[EventCountry "GER"]
[SourceTitle "CBM 179 Extra"]
[Source "ChessBase"]
[SourceDate "2017.08.23"]
[SourceVersion "1"]
[SourceVersionDate "2017.08.23"]
[SourceQuality "1"]

1. d4 Nf6 2. Bg5 c5 3. d5 Qb6 4. Nc3 d6 5. e4 Nbd7 6. Bb5 a6 7. Bxd7+ Bxd7 8. Nge2 Qc7 9. a4 b6 10. Qd3 g6 11. Bxf6 exf6 12. Ng3 Bg7 13. h4 h5 14. f4 Qb7 15. f5 0-0-0 16. 0-0 g5 17. b4 cxb4 18. Qc4+ Kb8 19. Qxb4 Qc7 20. Kh1 gxh4 21. Nge2 Qc5 22. Qb3 h3 23. g3 h4 24. g4 Bh6 25. Rab1 Ka7 26. Rf3 Rhg8 27. Rg1 Kb7 28. e5 h2 29. Kxh2 dxe5 30. Ne4 Qc7 31. Rc3 Qb8 32. Rb1 Ka7 33. d6 Rc8 34. Rxc8 Rxc8 35. N2c3 h3 36. Nd5 Qb7 37. c4 Bc6 38. Kxh3 Bxd5 39. cxd5 Bf4 40. Kg2 Rb8 41. Rb2 Rh8 42. Kg1 Rc8 43. Nxf6 Rd8 44. Ne4 Rg8 45. Rc2 Rc8 46. Rc3 Rxc3 47. Nxc3 Be3+ 48. Kg2 Bd4 49. Ne4 Qc8 50. d7 Qxd7 51. Qc4 Kb7 52. Kf3 b5 53. axb5 axb5 54. Nc5+ Kc8 55. Qxd4 1-0

[Event "Hamburg-ch MA"]
[Site "Hamburg"]
[Date "2017.06.04"]
[Round "2"]
[White "Atri, Jamshid"]
[Black "Scheele, Marcus"]
[Result "1-0"]
[WhiteElo "2025"]
[BlackElo "1979"]
[PlyCount "135"]
[EventDate "2017.06.03"]
[EventType "swiss"]
[EventRounds "9"]
[EventCountry "GER"]
[SourceTitle "CBM 179 Extra"]
[Source "ChessBase"]
[SourceDate "2017.08.23"]
[SourceVersion "1"]
[SourceVersionDate "2017.08.23"]
[SourceQuality "1"]

1. e4 c6 2. Nc3 d5 3. Nf3 Nf6 4. e5 Ne4 5. Ne2 Qb6 6. d4 e6 7. Ng3 c5 8. Bd3 Nxg3 9. hxg3 cxd4 10. Ng5 Qc7 11. f4 h6 12. Qh5 Bb4+ 13. Kd1 Rf8 14. Nf3 Nc6 15. g4 Bd7 16. g5 hxg5 17. Qxg5 Be7 18. Qxg7 0-0-0 19. a3 Rg8 20. Qxf7 Rde8 21. Qh7 Rxg2 22. Bd2 Qd8 23. Qh3 Reg8 24. Rh2 R2g3 25. Qf1 Qf8 26. Ke2 Kc7 27. Qf2 R8g4 28. Rah1 Qg7 29. Rh7 Rg2 30. Rxg7 Rxf2+ 31. Kxf2 Rxg7 32. Rh7 Rxh7 33. Bxh7 Kd8 34. Kg3 Ke8 35. Be1 Kf8 36. Bf2 Kg7 37. Bd3 Bc5 38. c3 Bb6 39. cxd4 Ne7 40. Nh4 Nc6 41. f5 Nxd4 42. f6+ Kf8 43. Kg4 Nc6 44. Bg3 Bd4 45. b4 Be8 46. Nf3 Bb2 47. Bf4 Bxa3 48. Bh6+ Kg8 49. b5 Nb4 50. Bb1 d4 51. Nxd4 Bf7 52. Nf3 Nd5 53. Ng5 Ne3+ 54. Kf4 Nf5 55. Bxf5 exf5 56. Kxf5 Bc4 57. e6 Bd3+ 58. Ne4 Kh7 59. Be3 Bxb5 60. Bxa7 Bd3 61. Ke5 Kg6 62. f7 Bxe4 63. Kxe4 Kf6 64. Kd5 Be7 65. Bd4+ Kg6 66. Bc5 Kf6 67. Bxe7+ Kxe7 68. Kc5 1-0

[Event "Hamburg-ch MA"]
[Site "Hamburg"]
[Date "2017.06.03"]
[Round "1"]
[White "Colpe, Malte"]
[Black "Atri, Jamshid"]
[Result "1-0"]
[WhiteElo "2402"]
[BlackElo "2025"]
[PlyCount "91"]
[EventDate "2017.06.03"]
[EventType "swiss"]
[EventRounds "9"]
[EventCountry "GER"]
[SourceTitle "CBM 179 Extra"]
[Source "ChessBase"]
[SourceDate "2017.08.23"]
[SourceVersion "1"]
[SourceVersionDate "2017.08.23"]
[SourceQuality "1"]

1. d4 d5 2. Bf4 Nf6 3. e3 e6 4. Nf3 c5 5. c3 Nc6 6. Nbd2 h6 7. Bd3 Nh5 8. Be5 Nxe5 9. Nxe5 Nf6 10. 0-0 Bd6 11. f4 0-0 12. Qf3 Qc7 13. g4 Nd7 14. Qh3 Nxe5 15. dxe5 Be7 16. g5 Rd8 17. gxh6 g6 18. Rf2 Bd7 19. Qg4 Kh7 20. h4 Rg8 21. h5 Kh8 22. hxg6 fxg6 23. Nf3 Raf8 24. Rg2 Qb6 25. Re1 Qc6 26. Kh1 a5 27. Reg1 Be8 28. Qh3 Kh7 29. Qh5 Rf5 30. Bxf5 exf5 31. Ng5+ Kh8 32. Qf3 Bxg5 33. Rxg5 Qe6 34. Kh2 Kh7 35. Qh3 Bc6 36. Qh4 a4 37. R5g3 b5 38. b3 a3 39. Rd1 Rf8 40. c4 bxc4 41. bxc4 d4 42. exd4 Qxc4 43. Kh3 Rf7 44. Qg5 Qe6 45. d5 Bxd5 46. Rxd5 1-0

[Event "Hamburg CC Easter op 3rd"]
[Site "Hamburg"]
[Date "2017.04.15"]
[Round "3"]
[White "Atri, Jamshid"]
[Black "Retzlaff, Wolfgang"]
[Result "1-0"]
[WhiteElo "2028"]
[BlackElo "1758"]
[PlyCount "107"]
[EventDate "2017.04.14"]
[EventType "swiss"]
[EventRounds "7"]
[EventCountry "GER"]
[SourceTitle "EXT 2020"]
[Source "ChessBase"]
[SourceDate "2019.10.17"]
[SourceVersion "1"]
[SourceVersionDate "2019.10.17"]
[SourceQuality "1"]

1. e4 e6 2. d4 d5 3. Nc3 dxe4 4. Nxe4 Nf6 5. Bg5 Be7 6. Bxf6 Bxf6 7. Nf3 0-0 8. Qd2 b6 9. 0-0-0 Bb7 10. Qf4 Bxe4 11. Qxe4 Qd5 12. Bd3 g6 13. c4 Qc6 14. Qxc6 Nxc6 15. Be4 Na5 16. Bxa8 Rxa8 17. b3 Nc6 18. Rd2 Rd8 19. Rhd1 Ne7 20. Kc2 c6 21. h4 h6 22. g3 Rc8 23. Kb1 Bg7 24. Ne5 Kf8 25. Ng4 Ke8 26. Ne3 Rc7 27. d5 cxd5 28. cxd5 exd5 29. Nxd5 Nxd5 30. Rxd5 Bf6 31. Rc1 Rb7 32. h5 g5 33. Rd6 Ke7 34. Rdc6 Rd7 35. Rc7 Be5 36. Rxd7+ Kxd7 37. f4 gxf4 38. gxf4 Bb8 39. Re1 f5 40. Kc2 Bxf4 41. Rf1 Bg5 42. Rxf5 Ke6 43. Rf8 Bf6 44. Kd3 Kf5 45. Ra8 Kg4 46. Rxa7 Bh4 47. Ke3 Bg5+ 48. Ke4 Bh4 49. Rg7+ Kxh5 50. Kf3 Bf6 51. Rg8 Be7 52. a4 Bc5 53. Rc8 Kg5 54. Rxc5+ 1-0